000 00644nam a2200217Ia 4500
003 OSt
005 20240905154000.0
008 220927b |||||||| |||| 00| 0 eng d
020 _a9780470849743
037 _cTextual
040 _aSDCL
_cSDCL
_beng
041 _2eng
_aeng
082 _aG:6k P5.7 RR
100 _aSubramaniam, Shankar Ed.
_9722683
245 0 _aEncyclopedia of genetics, genomics, proteomics and bioinformatics.
260 _aChichester :
_bWiley,
_c2005.
300 _axxiii,2747-3372p.
490 _vVolume 7
942 _hG:6k P5.7
_cREF
_2CC
999 _c796275
_d796275